| 000 | 01111cam a2200361 4500 | ||
|---|---|---|---|
| 001 | 2391 | ||
| 003 | FISKH | ||
| 005 | 20231123103424.0 | ||
| 008 | 740429s1974 nyua j 000 0 eng | ||
| 010 | _a 74005520 | ||
| 020 |
_a0394829123 _a0394929128 (lib. bdg.) |
||
| 020 | _a9780394829128 | ||
| 040 |
_aDLC _cDLC _dDLC _beng |
||
| 042 | _alcac | ||
| 050 | 0 | 0 |
_aPZ8.3.G276 _bWac |
| 082 | 0 | 0 | _a[Fic] |
| 100 | 1 |
_aLeSieg, Theo., _d1904- |
|
| 245 | 1 | 0 |
_aWacky Wednesday / _cby Theo. LeSieg. Illustrated by George Booth. |
| 250 | _aRenewed printing in 2002 | ||
| 260 |
_aNew York : _bRandom House, _c1974 |
||
| 300 |
_a46 pages : _bcolor illustrations ; _c24 cm |
||
| 350 | _a$2.50 | ||
| 505 | _aG | ||
| 520 | _aDrawings and verse point out the many things that are wrong one wacky Wednesday. | ||
| 521 |
_a371
_bLexile |
||
| 521 |
_aG
_bRaz-Plus |
||
| 650 | 1 |
_2Wacky Wednesday _vJuvenile literature |
|
| 650 | 1 | _aCounting. | |
| 650 | 1 | _aStories in rhyme. | |
| 700 | 1 |
_aBooth, George, _d1926- _eillustrator |
|
| 906 |
_a7 _bcbc _corignew _d1 _eocip _f19 _gy-gencatlg |
||
| 942 |
_2ddc _cBK _n0 |
||
| 999 |
_c2391 _d2391 |
||